Cantares del 900 / (Record no. 39759)

MARC details
000 -LEADER
campo de control de longitud fija 00648nam a2200193 i 4500
001 - NÚMERO DE CONTROL
campo de control 39759
003 - IDENTIFICADOR DE NÚMERO DE CONTROL
campo de control ES-MaACL
005 - FECHA Y HORA DE LA ÚLTIMA TRANSACCIÓN
campo de control 20240222113352.0
007 - CAMPO FIJO DE DESCRIPCIÓN FÍSICA--INFORMACIÓN GENERAL
campo de control de longitud fija t|
008 - DATOS DE LONGITUD FIJA--INFORMACIÓN GENERAL
campo de control de longitud fija 030304s1981 sp ||||1| spa d
245 00 - MENCIÓN DEL TÍTULO
Título Cantares del 900 /
Mención de responsabilidad, etc. recopilación de Manuel Barrios, antología homenaje a Fernando Villalón.
260 ## - PUBLICACIÓN, DISTRIBUCIÓN, ETC.
Lugar de publicación, distribución, etc. [Sevilla :
Nombre del editor, distribuidor, etc. Caja Rural Provincial Grafitálica,
Fecha de publicación, distribución, etc. 1981]
300 ## - DESCRIPCIÓN FÍSICA
Extensión 176 p., 10 lám. ;
Dimensiones 19 cm.
700 1# - ENTRADA AGREGADA--NOMBRE PERSONAL
Nombre de persona Villalón, Fernando,
Fechas asociadas al nombre 1881-1930
9 (RLIN) 114970
700 ## - ENTRADA AGREGADA--NOMBRE PERSONAL
Nombre de persona Barrios, Manuel,
Fechas asociadas al nombre 1924-2012
9 (RLIN) 235239
852 ## - LOCALIZACIÓN
Ubicación ES-MaACL
Número de control de estantería A-10992
Sublocalización o colección R.102251
852 ## - LOCALIZACIÓN
Ubicación ES-MaACL
Número de control de estantería L-1740
Sublocalización o colección R.102250
Holdings
Estatus retirado Estado de pérdida Estado de daño No para préstamo Biblioteca de origen Biblioteca actual Ubicación en estantería Fecha de adquisición Fuente de adquisición Total de préstamos Signatura topográfica completa Código de barras Visto por última vez Precio de reemplazo Tipo de ítem Koha
        Biblioteca del Ateneo de Madrid Biblioteca del Ateneo de Madrid Depósito 2 17/01/2008     L-1740 1041869 23/02/2023 23/02/2023 Libro impreso
        Biblioteca del Ateneo de Madrid Biblioteca del Ateneo de Madrid Depósito 1 17/01/2008     A-10992 1041868 23/02/2023 23/02/2023 Libro impreso